| 000 | 00809nam a22001817a 4500 | ||
|---|---|---|---|
| 003 | OSt | ||
| 005 | 20260418085743.0 | ||
| 008 | 260418b |||||||| |||| 00| 0 eng d | ||
| 040 | _c0 | ||
| 082 | _aDPer 796.07 St822 September-December 2015 v.28 n.5-6 January-October 2016 v.29 n.1-5 | ||
| 100 |
_aStevens-Smith, Deborah A. _eauthor. _962740 |
||
| 245 |
_aTechniques for Submitting Successful Proposals for SHAPE America National Conventions / _cDeborah Stevens-Smith. |
||
| 260 |
_aAnnapolis Junction, Maryland, U.S.A. : _bSHAPE America (Society of Health and Physical Educators) ; _cMay/June 2016. |
||
| 300 |
_avolume 29, pages 39-44 : _billustration ; _c27cm. |
||
| 500 | _aStrategy, vol. 29, no. 3, pages 39-44, May-June 2016. | ||
| 700 |
_aStevens-Smith, Deborah A. _eauthor. _962740 |
||
| 942 |
_2ddc _cPER |
||
| 999 |
_c24628 _d24628 |
||